| 000 | 00000nam##2200000za#4500 |
| 001 | 9.643027 |
| 003 | CaOODSP |
| 005 | 20210624224000 |
| 007 | cr ||||||||||| |
| 008 | 150407|2005||||xxc|||||o f|0| 0 fre|d |
| 040 | |aCaOODSP|bfre |
| 043 | |an-cn--- |
| 086 | 1 |aEn84-108/2004F-PDF |
| 110 | 1 |aCanada. |bEnvironnement Canada. |
| 245 | 10|aDéclaration conjointe de coopération pour l'écosystème du bassin de Georgia et de Puget Sound / |h[ressource électronique]|c[co-publié par] l'Environmental Protection Agency des Etats-Unis. |
| 246 | 15|aDéclaration conjointe de coopération pour l'écosystème du bassin de Georgia et de Puget Sound par le ministre de l'Environnement du Canada et l'administrateur de l'Environmental Protection Agency (US-EPA) |
| 260 | |aOttawa - Ontario : |bEnvironnement Canada |c[2005]. |
| 300 | |a7p. |
| 590 | |a14-08-Supp|b2014-04-10 |
| 691 | 07|aProtection de l'environnement|2gcpds |
| 775 | 08|tJoint Statement of Cooperation on the Georgia Basin and Puget Sound ecosystem / |w(CaOODSP)9.698952 |
| 856 | 40|ahttp://publications.gc.ca|qPDF|s2.41 Mo|uhttps://publications.gc.ca/collections/collection_2014/ec/En84-108-2004-fra.pdf |